00438cam a22001577a 4500008004000000020001500040082001300055245008300068260002500151300001000176650002500186650002800211650001200239700001400251700001500265180718b1995 xxu||||| |||| 00| 0 eng d a8122408168 aO91 M786 aSustainable development: policy and practicecedited by Ron Moore and Jan Ryan aDelhibNew Agec1995 a242p. aEconomic development aSustainable development aEcology aRyan, Jan aMoore, Ron